The world of Gouda pottery / (Record no. 17021)

000 -LEADER
fixed length control field 01213cam a2200313 a 4500
001 - CONTROL NUMBER
control field 3071431
005 - DATE AND TIME OF LATEST TRANSACTION
control field 20161121102539.0
008 - FIXED-LENGTH DATA ELEMENTS--GENERAL INFORMATION
fixed length control field 970703s1998 mauab b 001 0 eng
010 ## - LIBRARY OF CONGRESS CONTROL NUMBER
LC control number 97027277
020 ## - INTERNATIONAL STANDARD BOOK NUMBER
International Standard Book Number 1883280117 (hardback)
020 ## - INTERNATIONAL STANDARD BOOK NUMBER
International Standard Book Number 1883280109 (pbk.)
040 ## - CATALOGING SOURCE
Original cataloging agency DLC
Transcribing agency DLC
Modifying agency DLC
043 ## - GEOGRAPHIC AREA CODE
Geographic area code e-ne---
050 00 - LIBRARY OF CONGRESS CALL NUMBER
Classification number NK4108.G6
Item number R58 1998
082 00 - DEWEY DECIMAL CLASSIFICATION NUMBER
Classification number 738.3/7
Edition number 21
100 1# - MAIN ENTRY--PERSONAL NAME
Personal name Ritvo, Phyllis T.
Fuller form of name (Phyllis Tater),
Dates associated with a name 1937-
245 14 - TITLE STATEMENT
Title The world of Gouda pottery /
Statement of responsibility, etc. Phyllis T. Ritvo ; photography by Gene Ritvo.
246 30 - VARYING FORM OF TITLE
Title proper/short title Gouda pottery
260 ## - PUBLICATION, DISTRIBUTION, ETC. (IMPRINT)
Place of publication, distribution, etc. Weston, Mass. :
Name of publisher, distributor, etc. Font & Center Press,
Date of publication, distribution, etc. c1998.
300 ## - PHYSICAL DESCRIPTION
Extent x, 182 p. :
Other physical details ill. (some col.), col. map ;
Dimensions 30 cm.
504 ## - BIBLIOGRAPHY, ETC. NOTE
Bibliography, etc Includes bibliographical references (p. 170-171) and index.
650 #0 - SUBJECT ADDED ENTRY--TOPICAL TERM
Topical term or geographic name as entry element Pottery
Geographic subdivision Netherlands
-- Gouda.
700 1# - ADDED ENTRY--PERSONAL NAME
Personal name Ritvo, Gene,
Dates associated with a name 1935-
906 ## - LOCAL DATA ELEMENT F, LDF (RLIN)
a 7
b cbu
c orignew
d 1
e ocip
f 19
g y-gencatlg
942 ## - ADDED ENTRY ELEMENTS (KOHA)
Source of classification or shelving scheme
Koha item type Hard Covered Materials
Classification part NK4108.G6 R58 1998
Holdings
Withdrawn status Lost status Source of classification or shelving scheme Damaged status Not for loan Home library Current library Shelving location Date acquired Source of acquisition Total Checkouts Full call number Barcode Date last seen Price effective from Koha item type
          MACHAKOS UNIVERSITY LIBRARY MACHAKOS UNIVERSITY LIBRARY Technical section 21/11/2016 Donation (BFA)   NK4108.G6 R58 1998 28036 13/07/2018 21/11/2016 Hard Covered Materials
© Machakos University Library, Along The Highway, Machakos Wote Rd, Machakos, Kenya P.O. Box 136 - 90100 Machakos - Kenya

Tel: ( +254 ) 723 805829 OR Fax : 044-20353 OR Email: library@mksu.ac.ke